| 000 | 00710nam a2200217Ia 4500 | ||
|---|---|---|---|
| 003 | OSt | ||
| 005 | 20230429105234.0 | ||
| 008 | 210423s2011 xx 000 0 und d | ||
| 020 | _a978-93-80349-30-5 | ||
| 040 | _cAL | ||
| 041 | _aeng | ||
| 082 |
_a823.92 _223 _bSHEL |
||
| 100 |
_aSHENOY (Preeti) _995078 |
||
| 245 |
_aLife is what you make it _bStory of love hope and how determination can overcome even destiny |
||
| 260 |
_aNew Delhi _bSrishti Book Distributors _c2011 |
||
| 300 |
_axiii,209 _bPB |
||
| 365 |
_b150 _cINR |
||
| 650 |
_aEnglish Fiction _995079 |
||
| 906 | _acan ; destiny ; determination ; even ; hope ; how ; it ; Life ; love ; make ; overcome ; Story ; what ; you | ||
| 942 |
_2ddc _cBK |
||
| 999 |
_c170464 _d170464 |
||